Classement des pays aux championnats d'Europe d'athlétisme 1934-2024 - Statistiques

Statistiques générales
  • Ce quiz a été pris 87 fois
  • Le résultat moyen est 49 sur 56
Statistiques - réponses
Nombre de médailles Pays % Correct
Pays actuel 3 215 Allemagne
100%
Pays disparu 3 131 Allemagne de l'Ouest
100%
Pays actuel 2 219 France
100%
Pays actuel 5 169 Italie
99%
Pays actuel 1 339 Royaume-Uni
99%
Pays actuel 8 106 Espagne
97%
Pays actuel 10 90 Pays-Bas
97%
Pays actuel 7 118 Suède
96%
Pays actuel 15 44 Belgique
95%
Pays actuel 16 42 Portugal
95%
Pays actuel 26 15 Estonie
94%
Pays actuel 9 106 Finlande
94%
Pays actuel 30 11 Lituanie
94%
Pays actuel 13 57 Norvège
94%
Pays actuel 4 186 Pologne
94%
Pays actuel 6 154 Russie
94%
Pays actuel 12 66 Hongrie
92%
Pays actuel 23 21 Irlande
92%
Pays sans médaille 0 Saint-Marin
92%
Pays actuel 33 7 Slovaquie
92%
Pays actuel 11 77 Ukraine
92%
Pays actuel 28 12 Autriche
91%
Pays actuel 25 15 Danemark
91%
Pays actuel 31 10 Lettonie
91%
Pays sans médaille 0 Malte
91%
Pays sans médaille 0 Liechtenstein
90%
Pays actuel 27 13 Serbie
90%
Pays actuel 14 48 Suisse
90%
Pays actuel 21 34 Tchéquie
90%
Pays actuel 17 40 Bulgarie
89%
Pays actuel 19 37 Grèce
89%
Pays actuel 32 8 Slovénie
89%
Pays actuel 22 33 Turquie
89%
Pays actuel 39 1 Monténégro
87%
Pays disparu 1 331 URSS
87%
Pays disparu 5 15 Yougoslavie
87%
Pays actuel 36 2 Albanie
86%
Pays sans médaille 0 Andorre
86%
Pays actuel 24 15 Croatie
86%
Pays actuel 37 1 Luxembourg
86%
Pays actuel 20 34 Biélorussie
85%
Pays sans médaille 0 Macédoine
85%
Pays actuel 18 40 Roumanie
85%
Pays sans médaille 0 Chypre
84%
Pays actuel 38 1 Moldavie
84%
Pays actuel 34 5 Islande
82%
Pays sans médaille 0 Monaco
82%
Pays sans médaille 0 Bosnie-Herzégovine
81%
Pays sans médaille 0 Kosovo
81%
Pays disparu 4 59 Tchécoslovaquie
81%
Pays disparu 2 239 Allemagne de l'Est
73%
Pays actuel 29 11 Israël
71%
Pays sans médaille 0 Géorgie
70%
Pays sans médaille 0 Arménie
66%
Pays actuel 35 4 Azerbaïdjan
53%
Pays sans médaille 0 Gibraltar
24%
Aucun quiz correspondant
Distribution des résultats
% des personnes avec chaque résultat
Percentile par nombre de réponses
Votre historique - résultats
Vous n’avez pas pris ce quiz